| 000 | 00388nam a22001697a 4500 | ||
|---|---|---|---|
| 005 | 20180411112910.0 | ||
| 008 | 160616b xxu||||| |||| 00| 0 eng d | ||
| 020 | _a0-87692-785-1 | ||
| 041 | _aeng | ||
| 082 |
_b7913 _a338.9 |
||
| 100 |
_aSwamy, S.A. _92057 |
||
| 245 | _aTrade and industry in Japan | ||
| 260 |
_bPHI _c1993 |
||
| 300 | _a409 | ||
| 650 |
_aManagement _9241 |
||
| 942 | _cBK | ||
| 999 |
_c2883 _d2882 |
||